000 00537nam a2200205Ia 4500
005 20250923144721.0
008 008 250917s9999 xx 000 0 eng d
037 _aTextual
040 _aDSWL
_beng
_cDSWL
041 _aeng
_2eng
084 _qDSWL
100 _aBarber, Bernard
_9827700
245 0 _aSocial stratification
_cby Bernard Barber
260 _aNew York
_b Harcourt Brace & Co.
_c1957
300 _aixx,540p.
365 _aUSD
_b6.75
925 _g6.75
942 _cTEXL
999 _c1442451
_d1442451